000
00301nam a22001337a 4500
008
180316b xxu||||| |||| 00| 0 eng d
020
_a
9780030101991
041
_a
eng
080
_a
334.7
100
_a
55
101
_a
MNGF
245
_a
Essentials of Managerial Finance
_c
Weston
942
_2
udc
_c
BK
999
_c
45251
_d
45251